000 00438nam a2200181Ia 4500
001 23568
005 20260414150946.0
008 260414t2021||||xx |||||||||||||| ||spa||
041 _aESP
082 _a669.098
_bLL736
100 _aLleras Pérez, Roberto,
_eAUT
245 0 _aLos metales en nuestra historia
_b
260 _c2021
300 _a620 páginas :
_c24 cm.
650 _aGEN
654 _aCHU
942 _cLIB
_dJUS
_fJUS
_2ddc
_n
999 _c23568
_d23568